000 00327nam a22001337a 4500
020 _qPB.
040 _cFIZZA ISHAQ
082 _a530
_bKAT
100 _aKATZ,M.& A.KIRSTEN.
_9130770
245 _aTHE PHYSICS TOOL BOX /
_cKIRSTEN A.& M.KATZ.PHD.
260 _aUSA ;
_bNEW YORK,
_c2002.
300 _a884 P. ;
942 _2ddc
_cBK
999 _c614952
_d614952